| 000 | 00378nam a22001457a 4500 | ||
|---|---|---|---|
| 003 | OSt | ||
| 008 | 250212b |||||||| |||| 00| 0 eng d | ||
| 020 | _a9789348140722 | ||
| 100 | _aARORA, Shakti | ||
| 245 | _aKeylogger Capturing Keystrokes | ||
| 260 |
_aNew Delhi: _bNaples Indian Publication: _c2024. |
||
| 300 | _a106p. | ||
| 650 | _aFaculty Publication | ||
| 942 |
_2ddc _cBK |
||
| 999 |
_c13132 _d13132 |
||